Давид строитель (Запис № 419890)

МАРК-запис
000 -Лідер
fixed length control field 00742nam a22002417a 4500
001 - Контрольний номер
control field 136893
003 - Ідентифікатор контрольного номера
control field UA-OsUOA
005 - Дата та час останнього входження (трансакції)
control field 20191001163723.0
007 - Фіксоване поле фізичного опису
fixed length control field ta
008 - Елементи даних фіксованої довжини – загальна інформація
fixed length control field 20190410b un ||||| |||| 00| 0 ukr d
040 ## - Джерело каталогізації
Агенція оригінальної каталогізації UA-OsUOA
Мова каталогізації rus
Агенція, яка здійснювала перезапис UA-OsUOA
Агенція, яка здійснювала модифікацію UA-OsUOA
041 ## - Код мови
Код мови тексту/ звукової доріжки чи окремого заголовка (П) rus
080 ## - Індекс Універсальної десяткової класифікації
Індекс Універсальної десяткової класифікації (УДК) (НП) 821.353.1
090 ## - Локальний шифр розміщення
Класифікаційний індекс УДК 821.353.1
Авторський знак (НП) Г18
100 ## - Основне введення – ім’я особи
Ім’я особи (НП) Гамсахурдиа К.
245 ## - Відомості про назву
Назва (НП) Давид строитель
Решта назви (НП) роман
Дані про відповідальність (НП) Константинэ Гамсахурдиа
260 ## - Публікація, розповсюдження і т.п. (Вихідні дані)
Місце публікації, розповсюдження і т.п. (П) Тбилиси
Ім’я/ наймення видавництва, розповсюджувача і т.п. (П) Заря востока
Дата публікації, розповсюдження і т.п. (П) 1956
300 ## - Фізичний опис
Обсяг 637 с.
650 #7 - Додаткове предметне введення – тематичний термін
Тематичний термін чи географічна назва, як елемент введення (НП) 82 Література. Літературознавство
Джерело заголовка чи терміна UDC
942 ## - Додаткові елементи входу (Коха)
Тип елемента Koha Книги
Source of classification or shelving scheme Universal Decimal Classification
955 ## - Код типу видання за змістом
Код типу видання за змістом (НП) Літературно-художні видання
Фонди
Стан вилучень Стан втрат Джерело класифікації або схеми стелажів Стан уражень Не для кредиту Постійне місце розташування Поточне розміщення Дата придбання Інвентарний номер Усього замовленно Повний номер виклику Штрих-код Дата останнього перегляду Ціна ефективна від Тип елемента Koha Джерело придбання
    Universal Decimal Classification     АБ - Абонемент НБ АБ - Абонемент НБ 10/04/2019 49613   821.353.1 Г18 49613 12/07/2022 10/04/2019 Книги  
    Universal Decimal Classification     АБ - Абонемент НБ АБ - Абонемент НБ 01/10/2010 49463   821.353.1 Г18 49463 27/05/2022 01/10/2019 Книги 2010-10-01